عرض عادي عرض مارك
  • Low, John

مدخل إسم شخص

عدد التسجيلات المستخدمة في: 1

001 - رقم الضبط

  • حقل الضبط: 52245

003 - معرف رقم الضبط

  • حقل الضبط: OSt

005 - تاريخ ووقت أخر عملية

  • حقل الضبط: 20151013173154.0

008 - عناصر بيانات ثابتة الطول

  • حقل تحكم ثابت الطول: 151013|| aca||aabn | a|a d

040 ## - مصدر الفهرسة

  • هيئة الفهرسة الأصلية: OSt
  • وكالة الكتابة: OSt

100 ## - مدخل -- أسم شخص

  • إسم شخص: Low, John
  • الشكل الكامل للاسم: (John L.)

670 ## - بيانات المصدر موجوده

  • الاستشهاد بالمصدر: Work cat.: (OSt)0: Low, John (John L.), Electrotherapy explained :, 2006.